Engineering economics (Record no. 179520)

000 -LEADER
fixed length control field 00408nam a2200133Ia 4500
008 - FIXED-LENGTH DATA ELEMENTS--GENERAL INFORMATION
fixed length control field 220217s9999||||xx |||||||||||||| ||und||
020 ## - INTERNATIONAL STANDARD BOOK NUMBER
International Standard Book Number 978-0-07-058670-3
100 ## - MAIN ENTRY--PERSONAL NAME
Personal name Riggs, James, L. Bedwerth, David, D. and Randhawa, Sabah, U
245 #0 - TITLE STATEMENT
Title Engineering economics
250 ## - EDITION STATEMENT
Edition statement 4th
260 ## - PUBLICATION, DISTRIBUTION, ETC.
Place of publication, distribution, etc. Tata mcgraw hill company Ltd
Name of publisher, distributor, etc. New Delhi
Date of publication, distribution, etc. 2010
300 ## - PHYSICAL DESCRIPTION
Extent XXI, 721p.
Other physical details 425
650 ## - SUBJECT ADDED ENTRY--TOPICAL TERM
Topical term or geographic name entry element MATHEMATICS
Holdings
Withdrawn status Lost status Damaged status Not for loan Collection code Home library Current library Shelving location Date acquired Barcode Date last seen Price effective from Koha item type
        Mechanical Engineering Central Library Central Library Book Cart 02/18/2022 14709 02/18/2022 02/18/2022 Books

Powered by Koha